Marketing the city: the role of flagship developments in urban regeneration. (Record no. 93490)
[ view plain ]
| 000 -LEADER | |
|---|---|
| fixed length control field | 01347cam a2200349 4500 |
| 008 - FIXED-LENGTH DATA ELEMENTS--GENERAL INFORMATION | |
| fixed length control field | 090401t1994 xxu||||| |||| 00| 0 eng d |
| 020 ## - INTERNATIONAL STANDARD BOOK NUMBER | |
| International Standard Book Number | 0419186107 |
| 035 ## - SYSTEM CONTROL NUMBER | |
| System control number | (Sirsi) u54663 |
| 041 ## - LANGUAGE CODE | |
| Language code of text/sound track or separate title | eng |
| 050 ## - LIBRARY OF CONGRESS CALL NUMBER | |
| Classification number | 711.52 |
| 100 ## - MAIN ENTRY--PERSONAL NAME | |
| Personal name | Smyth, Hedley J |
| 245 ## - TITLE STATEMENT | |
| Title | Marketing the city: the role of flagship developments in urban regeneration. |
| 260 ## - PUBLICATION, DISTRIBUTION, ETC. | |
| Place of publication, distribution, etc. | London |
| Name of publisher, distributor, etc. | E. & F.N. Spon |
| Date of publication, distribution, etc. | 1994 |
| 300 ## - PHYSICAL DESCRIPTION | |
| Extent | xv,289p. : ill. ; 24cm. |
| 350 ## - PRICE (NR) (BK AM CF MU VM SE) [OBSOLETE] | |
| Price | 40 |
| 520 ## - SUMMARY, ETC. | |
| Summary, etc. | Research initiated by the British Urban Regeneration Association and sponsored by J Sainsbury plc, which looks at the promotion of an area through urban regeneration schemes. Includes detailed case studies of developments in Bristol, Birmingham and Newcastle upon Tyne, which act as marshalling points for further investment and marketing tools for the cities concerned. |
| 650 ## - SUBJECT ADDED ENTRY--TOPICAL TERM | |
| Topical term or geographic name entry element | BRINDLEY PLACE |
| 650 ## - SUBJECT ADDED ENTRY--TOPICAL TERM | |
| Topical term or geographic name entry element | BRITISH URBAN REGENERATION ASSOCIATION |
| 650 ## - SUBJECT ADDED ENTRY--TOPICAL TERM | |
| Topical term or geographic name entry element | BYKER WALL |
| 650 ## - SUBJECT ADDED ENTRY--TOPICAL TERM | |
| Topical term or geographic name entry element | FLAGSHIP DEVELOPMENTS |
| 650 ## - SUBJECT ADDED ENTRY--TOPICAL TERM | |
| Topical term or geographic name entry element | HYATT REGENCY HOTEL |
| 650 ## - SUBJECT ADDED ENTRY--TOPICAL TERM | |
| Topical term or geographic name entry element | INNER CITY REDEVELOPMENT |
| 650 ## - SUBJECT ADDED ENTRY--TOPICAL TERM | |
| Topical term or geographic name entry element | INTERNATIONAL CONVENTION CENTRE |
| 650 ## - SUBJECT ADDED ENTRY--TOPICAL TERM | |
| Topical term or geographic name entry element | J SAINSBURY PLC |
| 650 ## - SUBJECT ADDED ENTRY--TOPICAL TERM | |
| Topical term or geographic name entry element | NATIONAL INDOOR ARENA |
| 650 ## - SUBJECT ADDED ENTRY--TOPICAL TERM | |
| Topical term or geographic name entry element | THEATRE VILLAGE |
| 650 ## - SUBJECT ADDED ENTRY--TOPICAL TERM | |
| Topical term or geographic name entry element | URBAN REGENERATION |
| 650 ## - SUBJECT ADDED ENTRY--TOPICAL TERM | |
| Topical term or geographic name entry element | WATERSHED COMPLEX |
| 690 ## - LOCAL SUBJECT ADDED ENTRY--TOPICAL TERM (OCLC, RLIN) | |
| Topical term or geographic name as entry element | URBAN RENEWAL |
| 942 ## - ADDED ENTRY ELEMENTS (KOHA) | |
| Suppress in OPAC | 0 |
| 948 ## - LOCAL PROCESSING INFORMATION (OCLC); SERIES PART DESIGNATOR (RLIN) | |
| c (OCLC) | 04/03/1997 |
| Withdrawn status | Lost status | Source of classification or shelving scheme | Damaged status | Not for loan | Home library | Current library | Shelving location | Date acquired | Cost, normal purchase price | Total Checkouts | Full call number | Barcode | Date last seen | Date last checked out | Copy number | Cost, replacement price | Price effective from | Koha item type |
|---|---|---|---|---|---|---|---|---|---|---|---|---|---|---|---|---|---|---|
| Dewey Decimal Classification | London | London | Books | 09/06/1995 | 34.00 | 17 | 711.52 | 30045983 | 06/08/2019 | 23/07/2008 | 1 | 34.00 | 06/08/2019 | Book |